| 000 | 00964nam a2200277 c 4500 | ||
|---|---|---|---|
| 003 | BLK | ||
| 005 | 20180420234934.0 | ||
| 008 | 180410b bul|||||r ||||||| ||bul|| | ||
| 010 | _aKNG00172974000 | ||
| 040 | _aBLK | ||
| 041 |
_aBUL _cBUL |
||
| 080 |
_aБългарска литература _b821.163.2 _x-32 _z821.163.2-32 |
||
| 100 | 1 |
_aДейванов, Владимир _eпърви автор _959317 |
|
| 139 |
_aДейванов, Владимир _bД 34 |
||
| 245 | 1 | 0 |
_aПървият изстрел в Априлското въстание _cВладимир Дейванов. |
| 257 | _aBGR | ||
| 260 |
_аСофия _bНар. просв. _c1959 |
||
| 300 |
_a64 с. _c25 см |
||
| 380 | _aX | ||
| 490 | 1 | _aПопулярна историческа библиотека | |
| 852 | _aЦб 15036 | ||
| 856 | 4 |
_qpdf _u |
|
| 856 | 4 |
_qpdf _u |
|
| 942 |
_cKNG _n0 |
||
| 944 |
_aCR _c13.03.2015 _kТеодора_Стоянова |
||
| 944 |
_aED _c28.09.2017 _kВася_Ганчева |
||
| 999 |
_c165364 _d165364 |
||